Ekologizácia pracovného prostredia v strojárskych prevádzkach cestou hodnotenia komplexného zaťaženia : Dizertačná práca

Enregistré dans:
Détails bibliographiques
Auteur principal: Kapustová, Mária, 1959- (Auteur)
Autres auteurs: Vajo, Pavel (Directeur de thèse)
Format: Manuscrit Livre
Langue:slovaque
Publié: Trnava : STU v Bratislave MtF KTv, 2002
Tags: Ajouter un tag
Pas de tags, Soyez le premier à ajouter un tag!

MARC

LEADER 00000ntm a22000003a 4500
001 stu155474
005 20220401153205.7
008 080121s2002----xo------------------slo-d
040 |a STU  |b slo 
041 0 |a slo 
044 |a xo 
100 1 |a Kapustová, Mária,  |d 1959-  |4 aut  |u M3000  |U MTF Materiálovotechnologická fakulta  |T MTF Ústav výrobných technológií  |X 209  |U M3000  |Y 83  |7 A000000209 
245 1 |a Ekologizácia pracovného prostredia v strojárskych prevádzkach cestou hodnotenia komplexného zaťaženia :  |b Dizertačná práca 
260 |a Trnava :  |b STU v Bratislave MtF KTv,  |c 2002 
300 |a 94 s  |c príl 
700 1 |a Vajo, Pavel  |4 ths 
996 |b 284M059414  |c M*DzP-2  |l MMSKP  |s P  |a 0  |w stu155474_0001